Fyzika v experimentoch /
Uložené v:
| Hlavný autor: | |
|---|---|
| Médium: | Kniha |
| Vydavateľské údaje: |
Bratislava :
Veda,
1988
|
| Tagy: |
Žiadne tagy, Buďte prvý, kto otaguje tento záznam!
|
MARC
| LEADER | 00000nam a22000003a 4500 | ||
|---|---|---|---|
| 001 | stu47992 | ||
| 005 | 20150617225710.8 | ||
| 008 | ------s1988----cs----------------------d | ||
| 040 | |a STU |b slo | ||
| 041 | 0 | ||
| 044 | |a cs | ||
| 080 | |a 53 |7 stu_us_auth*stu7966 | ||
| 100 | 1 | |a Hajko, Vladimír |4 aut | |
| 245 | 1 | |a Fyzika v experimentoch / |c [aut.] Hajko,Vladimír a kol | |
| 260 | |a Bratislava : |b Veda, |c 1988 | ||
| 300 | |a 432 s | ||
| 996 | |b J81832 |c J*81832/K 10 |l JJK10 |s P |a 0 |w stu47992_0001 | ||